Classifica Scarpa d'Oro 2012 - Statistics

Statistiche generali
  • Questo quiz è stato fatto 26 volte
  • Il punteggio medio è 12 su 15
Statistiche sulle risposte
Gol Coefficiente UEFA Punti Nazione Squadra Calciatore % Corretto
23 x2 46 Italia Udinese Antonio Di Natale
100%
46 x2 92 Portogallo Real Madrid Cristiano Ronaldo
100%
24 x2 48 Argentina Inter Diego Milito
100%
23 x2 46 Uruguay Napoli Edinson Cavani
100%
50 x2 100 Argentina Barcellona Lionel Messi
100%
28 x2 56 Svezia Milan Zlatan Ibrahimović
100%
30 x2 60 Paesi Bassi Arsenal Robin van Persie
96%
27 x2 54 Inghilterra Manchester United Wayne Rooney
96%
23 x2 46 Argentina Manchester City Sergio Agüero
92%
29 x2 58 Paesi Bassi Schalke 04 Klaas-Jan Huntelaar
88%
24 x2 48 Colombia Atletico Madrid Radamel Falcao
84%
26 x2 52 Germania Bayern Monaco Mario Gómez
76%
32 x1,5 48 Turchia Trabzonspor Burak Yılmaz
32%
32 x1,5 48 Paesi Bassi Heerenveen Bas Dost
8%
46 x1 46 Lettonia Trans Narva Aleksandrs Čekulajevs
0%
Nessun quiz corrispondente trovato
Distribuzione punteggi
Percentuale di utenti per punteggio
Percentile per numero di risposta
I tuoi punteggi nel tempo
Non hai fatto questo quiz